[Event "POL-UKR U26"]
[Site "Katowice"]
[Date "2014.10.09"]
[Round "4.23"]
[White "Szczurek, Natalia"]
[Black "Malakhova, Elizaveta"]
[Result "0-1"]
[WhiteElo "1733"]
[BlackElo "2301"]
[PlyCount "64"]
[EventDate "2014.10.08"]
[EventType "team-match"]
[EventRounds "4"]
[EventCountry "POL"]
[SourceTitle "EXT 2015"]
[Source "ChessBase"]
[SourceDate "2014.11.20"]
[SourceVersion "1"]
[SourceVersionDate "2014.11.20"]
[SourceQuality "1"]
[WhiteTeam "Gliwice Politechnika Slaska"]
[BlackTeam "Lvov Univ of Physics"]
[WhiteTeamCountry "POL"]
[BlackTeamCountry "UKR"]

1. e4 d6 2. d4 Nf6 3. Nc3 c6 4. Nf3 Nbd7 5. Be2 e5 6. dxe5 dxe5 7. Bg5 h6 8. Bh4 Be7 9. 0-0 0-0 10. Bc4 b5 11. Bxf6 Bxf6 12. Bb3 Qc7 13. a4 b4 14. Na2 a5 15. c3 Nc5 16. cxb4 axb4 17. Qc2 Be7 18. Nc1 Ba6 19. Rd1 Rfd8 20. Rxd8+ Rxd8 21. h3 Qd6 22. Kh2 Nxb3 23. Qxb3 c5 24. a5 c4 25. Qc2 Qd1 26. Qxd1 Rxd1 27. b3 c3 28. g3 f6 29. Kg2 Bc5 30. h4 Bd4 31. Nxd4 exd4 32. g4 d3 0-1

[Event "POL-UKR U26"]
[Site "Katowice"]
[Date "2014.10.09"]
[Round "3.17"]
[White "Zingaylo, Anastasiya"]
[Black "Szczurek, Natalia"]
[Result "0-1"]
[WhiteElo "2054"]
[BlackElo "1733"]
[PlyCount "76"]
[EventDate "2014.10.08"]
[EventType "team-match"]
[EventRounds "4"]
[EventCountry "POL"]
[SourceTitle "EXT 2015"]
[Source "ChessBase"]
[SourceDate "2014.11.20"]
[SourceVersion "1"]
[SourceVersionDate "2014.11.20"]
[SourceQuality "1"]
[WhiteTeam "Odessa Medical Univ"]
[BlackTeam "Gliwice Politechnika Slaska"]
[WhiteTeamCountry "UKR"]
[BlackTeamCountry "POL"]

1. e4 c5 2. c3 d5 3. exd5 Qxd5 4. d4 Nf6 5. Nf3 Bg4 6. Be2 e6 7. 0-0 Nc6 8. Be3 cxd4 9. cxd4 Be7 10. Nc3 Qd6 11. Qb3 0-0 12. a3 Rfd8 13. Rfd1 Rac8 14. Rac1 Qb8 15. h3 Bh5 16. d5 exd5 17. Nxd5 Nxd5 18. Rxd5 Bxf3 19. Bxf3 Ne5 20. Rxd8+ Rxd8 21. Bxb7 Bf6 22. Bf4 Qd6 23. Qg3 Qd4 24. Ba6 Qxb2 25. Qe3 Ng6 26. Bg3 Bd4 27. Qe1 Qxa3 28. Bc7 Rd5 29. Bb7 Rf5 30. Bg3 Qxg3 31. Kh1 Bxf2 32. Rc8+ Nf8 33. Qe7 h6 34. Rxf8+ Kh7 35. Rxf7 Qc3 36. h4 Bg3 37. Rxg7+ Qxg7 38. Qe4 Qa1+ 0-1

[Event "POL-UKR U26"]
[Site "Katowice"]
[Date "2014.10.08"]
[Round "2.23"]
[White "Szczurek, Natalia"]
[Black "Petrova, Irina"]
[Result "0-1"]
[WhiteElo "1733"]
[BlackElo "2107"]
[PlyCount "90"]
[EventDate "2014.10.08"]
[EventType "team-match"]
[EventRounds "4"]
[EventCountry "POL"]
[SourceTitle "EXT 2015"]
[Source "ChessBase"]
[SourceDate "2014.11.20"]
[SourceVersion "1"]
[SourceVersionDate "2014.11.20"]
[SourceQuality "1"]
[WhiteTeam "Gliwice Politechnika Slaska"]
[BlackTeam "Kiev Taras Shevchenko Univ"]
[WhiteTeamCountry "POL"]
[BlackTeamCountry "UKR"]

1. e4 d6 2. d4 Nf6 3. Nc3 g6 4. g3 Bg7 5. Bg2 0-0 6. Nge2 Nbd7 7. 0-0 c5 8. d5 Rb8 9. a4 b6 10. f4 a6 11. Kh1 b5 12. axb5 axb5 13. Be3 Nb6 14. Bg1 b4 15. Na4 Nfd7 16. Nxb6 Nxb6 17. Rb1 Nc4 18. Qc1 Ba6 19. Re1 Qc7 20. Bf2 Bb5 21. c3 b3 22. Ng1 Ra8 23. Bf1 Rfb8 24. Bxc4 Bxc4 25. Qd2 e6 26. dxe6 fxe6 27. Nf3 d5 28. e5 Rd8 29. Kg1 Qc6 30. Nh4 Ba6 31. Qe3 d4 32. Qf3 Qb6 33. cxd4 cxd4 34. Rec1 Bb7 35. Qd3 Rac8 36. Rxc8 Rxc8 37. Nf3 Qc6 38. Kg2 g5 39. h3 Qc2 40. Qf1 Qe4 41. Qd1 h5 42. g4 hxg4 43. hxg4 Qxf4 44. Bg3 Qxg4 45. Kf2 Rf8 0-1

[Event "POL-UKR U26"]
[Site "Lublin"]
[Date "2012.11.22"]
[Round "3.5"]
[White "Krasiuk, Kateryna"]
[Black "Szczurek, Natalia"]
[Result "1-0"]
[WhiteElo "2183"]
[BlackElo "1742"]
[PlyCount "93"]
[EventDate "2012.11.21"]
[EventType "team-tourn"]
[EventRounds "5"]
[EventCountry "POL"]
[SourceTitle "CBM 151 Extra"]
[Source "ChessBase"]
[SourceDate "2012.12.18"]
[SourceVersion "1"]
[SourceVersionDate "2012.12.18"]
[SourceQuality "1"]
[WhiteTeam "Donetsk National Univ"]
[BlackTeam "Gliwice Politechnika Slaska"]
[WhiteTeamCountry "UKR"]
[BlackTeamCountry "POL"]

1. e4 c5 2. Nc3 e6 3. g3 Nf6 4. Bg2 d5 5. exd5 exd5 6. d3 h6 7. Nge2 Nc6 8. 0-0 Be7 9. Nf4 d4 10. Ncd5 0-0 11. Nxf6+ Bxf6 12. Nd5 Be6 13. Nxf6+ Qxf6 14. Bf4 Rad8 15. Qh5 Qf5 16. Qxf5 Bxf5 17. a3 Rfe8 18. Rae1 Rxe1 19. Rxe1 g5 20. Bd2 Kf8 21. a4 f6 22. a5 a6 23. h3 Re8 24. g4 Bg6 25. Rxe8+ Kxe8 26. f4 Ke7 27. f5 Bf7 28. b4 Kd6 29. c3 dxc3 30. bxc5+ Kxc5 31. Bxc3 Nd4 32. Bxd4+ Kxd4 33. Bxb7 Kxd3 34. Bxa6+ Ke3 35. Bb7 Bc4 36. a6 Bxa6 37. Bxa6 Kf3 38. Kh2 Kf2 39. Bb7 Ke3 40. Kg2 Kd3 41. Kf3 Kd4 42. Ke2 Ke5 43. Ke3 Kd6 44. Kd4 Ke7 45. Kd5 Kd7 46. Ba6 Ke7 47. Kc6 1-0

[Event "POL-chT U19 41st"]
[Site "Ustron"]
[Date "2010.07.12"]
[Round "7"]
[White "Kowara, Magdalena"]
[Black "Szczurek, Natalia"]
[Result "1-0"]
[WhiteElo "1833"]
[BlackElo "1729"]
[PlyCount "95"]
[EventDate "2010.07.06"]
[EventType "team-tourn"]
[EventRounds "9"]
[EventCountry "POL"]
[SourceTitle "EXT 2019"]
[Source "ChessBase"]
[SourceDate "2018.10.10"]
[SourceVersion "1"]
[SourceVersionDate "2018.10.10"]
[SourceQuality "1"]
[WhiteTeam "Skierniewice KS Piatka U19"]
[BlackTeam "Gliwice Politechnika Slaska U19"]
[WhiteTeamCountry "POL"]
[BlackTeamCountry "POL"]

1. e4 d5 2. exd5 Qxd5 3. Nc3 Qa5 4. Nf3 Nf6 5. d4 Bg4 6. h3 Bh5 7. g4 Bg6 8. Bd2 Nbd7 9. Bc4 c6 10. Nd5 Qd8 11. Nf4 Be4 12. Qe2 Qb6 13. Bxf7+ Kxf7 14. Ng5+ Ke8 15. Nxe4 Qxd4 16. Nxf6+ gxf6 17. 0-0-0 Qa4 18. Kb1 e5 19. Ne6 Ke7 20. Nxf8 Rhxf8 21. Qd3 Rf7 22. a3 a5 23. Bxa5 Qxa5 24. Qxd7+ Kf8 25. Qd6+ Kg7 26. Rhe1 Re8 27. f4 e4 28. g5 Qf5 29. gxf6+ Qxf6 30. Rg1+ Kh8 31. Qxf6+ Rxf6 32. Rd7 Rxf4 33. Rxb7 e3 34. Kc1 e2 35. Re1 Rd4 36. b3 Rh4 37. Kd2 Rd4+ 38. Kc1 Rh4 39. a4 Rxh3 40. a5 Rhe3 41. Rb6 R3e5 42. b4 R5e6 43. a6 R8e7 44. Rb7 Rxb7 45. axb7 Re8 46. Rxe2 Rb8 47. Re7 Kg8 48. Rc7 1-0

[Event "POL-chT U19 41st"]
[Site "Ustron"]
[Date "2010.07.11"]
[Round "6"]
[White "Szczurek, Natalia"]
[Black "Krupa, Anna"]
[Result "0-1"]
[WhiteElo "1729"]
[BlackElo "1836"]
[PlyCount "58"]
[EventDate "2010.07.06"]
[EventType "team-tourn"]
[EventRounds "9"]
[EventCountry "POL"]
[SourceTitle "EXT 2019"]
[Source "ChessBase"]
[SourceDate "2018.10.10"]
[SourceVersion "1"]
[SourceVersionDate "2018.10.10"]
[SourceQuality "1"]
[WhiteTeam "Gliwice Politechnika Slaska U19"]
[BlackTeam "Rybnik MKSz U19"]
[WhiteTeamCountry "POL"]
[BlackTeamCountry "POL"]

1. e4 c5 2. Nf3 d6 3. d4 cxd4 4. Qxd4 Nc6 5. Bb5 Bd7 6. Bxc6 Bxc6 7. c4 f5 8. Nc3 fxe4 9. Ng5 e5 10. Qe3 Nf6 11. Ngxe4 Nxe4 12. Nxe4 Qh4 13. Ng5 Qxc4 14. Qh3 Bd7 15. Qe3 Be7 16. Bd2 Bb5 17. Nf3 0-0 18. Bc3 Qg4 19. 0-0-0 Qxg2 20. Nd2 Bg5 21. Qg3 Rxf2 22. Rhg1 Qxg3 23. hxg3 d5 24. Rge1 d4 25. Bb4 Rc8+ 26. Kb1 Bd3+ 27. Ka1 Rc2 28. Ne4 Bxe4 29. Rxe4 Rxb2 0-1

[Event "POL-chT U19 41st"]
[Site "Ustron"]
[Date "2010.07.10"]
[Round "5"]
[White "Iwanow, Anna"]
[Black "Szczurek, Natalia"]
[Result "1-0"]
[WhiteElo "2097"]
[BlackElo "1729"]
[PlyCount "59"]
[EventDate "2010.07.06"]
[EventType "team-tourn"]
[EventRounds "9"]
[EventCountry "POL"]
[SourceTitle "EXT 2019"]
[Source "ChessBase"]
[SourceDate "2018.10.10"]
[SourceVersion "1"]
[SourceVersionDate "2018.10.10"]
[SourceQuality "1"]
[WhiteTeam "Wroclaw Polonia U19"]
[BlackTeam "Gliwice Politechnika Slaska U19"]
[WhiteTeamCountry "POL"]
[BlackTeamCountry "POL"]

1. e4 c5 2. Nf3 d6 3. d4 cxd4 4. Nxd4 Nf6 5. Nc3 g6 6. Be3 Bg7 7. f3 a6 8. Qd2 Nbd7 9. 0-0-0 b5 10. g4 Bb7 11. g5 Nh5 12. Kb1 Nb6 13. Qf2 Nc4 14. Bxc4 bxc4 15. Nde2 Qa5 16. f4 Qc7 17. Bb6 Qd7 18. Bd4 0-0 19. Ng3 Bxd4 20. Rxd4 Ng7 21. h4 Ne6 22. Rdd1 Rac8 23. h5 Kg7 24. Rh4 Rh8 25. Rdh1 Nf8 26. f5 Qd8 27. hxg6 fxg6 28. fxg6 Nxg6 29. Nf5+ Kg8 30. Nh6+ 1-0

[Event "POL-chT U19 41st"]
[Site "Ustron"]
[Date "2010.07.09"]
[Round "4"]
[White "Szczurek, Natalia"]
[Black "Ostrowska, Dominika"]
[Result "1-0"]
[WhiteElo "1729"]
[BlackElo "1930"]
[PlyCount "125"]
[EventDate "2010.07.06"]
[EventType "team-tourn"]
[EventRounds "9"]
[EventCountry "POL"]
[SourceTitle "EXT 2019"]
[Source "ChessBase"]
[SourceDate "2018.10.10"]
[SourceVersion "1"]
[SourceVersionDate "2018.10.10"]
[SourceQuality "1"]
[WhiteTeam "Gliwice Politechnika Slaska U19"]
[BlackTeam "Suwalki Hancza U19"]
[WhiteTeamCountry "POL"]
[BlackTeamCountry "POL"]

1. e4 c5 2. Nf3 d6 3. d4 cxd4 4. Qxd4 Nc6 5. Bb5 Bd7 6. Bxc6 Bxc6 7. c4 Nf6 8. Nc3 g6 9. Bg5 Bg7 10. 0-0 0-0 11. Qd3 Nd7 12. Nd4 Nc5 13. Qe3 a5 14. Rfe1 Re8 15. Rab1 Nd7 16. Kh1 Qb6 17. Nxc6 bxc6 18. f4 Qb4 19. Rec1 Rab8 20. b3 Qb7 21. Rc2 Qc7 22. Rd1 Nc5 23. Bh4 Nd7 24. Rcd2 Nc5 25. e5 a4 26. b4 Na6 27. b5 cxb5 28. Nd5 Qb7 29. cxb5 Nc5 30. exd6 exd6 31. Ne7+ Kh8 32. Rxd6 Qxb5 33. R6d5 Rbc8 34. Bf2 Bf6 35. Rxc5 Rxc5 36. Qxc5 Qxc5 37. Bxc5 Bxe7 38. Re1 Bxc5 39. Rxe8+ Kg7 40. Rc8 Bd6 41. Rc6 Be7 42. Kg1 Kf8 43. g4 a3 44. Kf2 Kg7 45. Ke3 Bf6 46. Ra6 Bb2 47. Kd3 Bc1 48. f5 gxf5 49. gxf5 Bb2 50. Kc2 h5 51. Kb3 h4 52. h3 Bc1 53. Rxa3 Bxa3 54. Kxa3 Kf6 55. Kb4 Kxf5 56. a4 Kf4 57. a5 Kg3 58. a6 f5 59. a7 f4 60. a8Q f3 61. Qg8+ Kxh3 62. Qg1 f2 63. Qxf2 1-0

[Event "POL-chT U19 41st"]
[Site "Ustron"]
[Date "2010.07.06"]
[Round "1"]
[White "Szczurek, Natalia"]
[Black "Kulon, Klaudia"]
[Result "0-1"]
[WhiteElo "1729"]
[BlackElo "2230"]
[PlyCount "68"]
[EventDate "2010.07.06"]
[EventType "team-tourn"]
[EventRounds "9"]
[EventCountry "POL"]
[SourceTitle "EXT 2019"]
[Source "ChessBase"]
[SourceDate "2018.10.10"]
[SourceVersion "1"]
[SourceVersionDate "2018.10.10"]
[SourceQuality "1"]
[WhiteTeam "Gliwice Politechnika Slaska U19"]
[BlackTeam "Koszalin Hetman Politechnika U19"]
[WhiteTeamCountry "POL"]
[BlackTeamCountry "POL"]

1. e4 c5 2. Nf3 d6 3. d4 cxd4 4. Qxd4 Nc6 5. Bb5 Bd7 6. Bxc6 Bxc6 7. c4 Nf6 8. Nc3 g6 9. 0-0 Bg7 10. Qd3 0-0 11. Rb1 a5 12. h3 Nd7 13. Be3 Nc5 14. Bxc5 dxc5 15. Qxd8 Rfxd8 16. Nd5 Kf8 17. Rfe1 e6 18. Nc7 Rac8 19. Nb5 Ra8 20. a4 Rd3 21. Re2 Rad8 22. Kh2 b6 23. b3 Ke7 24. Ne1 Be5+ 25. Kh1 Rd1 26. Rxd1 Rxd1 27. Kg1 Rb1 28. Kf1 Rxb3 29. f3 Bg3 30. e5 Bxb5 31. cxb5 g5 32. Re4 Rb1 33. Re2 c4 34. Re3 c3 0-1

[Event "Polanica Zdroj op-B 45th"]
[Site "Polanica Zdroj"]
[Date "2009.08.23"]
[Round "6"]
[White "Kowara, Magdalena"]
[Black "Szczurek, Natalia"]
[Result "1-0"]
[WhiteElo "1826"]
[BlackElo "1738"]
[PlyCount "67"]
[EventDate "2009.08.18"]
[EventType "swiss"]
[EventRounds "10"]
[EventCountry "POL"]
[SourceTitle "CBM 131 Extra"]
[Source "ChessBase"]
[SourceDate "2009.09.03"]
[SourceVersion "2"]
[SourceVersionDate "2009.09.16"]
[SourceQuality "1"]

1. e4 d5 2. exd5 Qxd5 3. d4 Nf6 4. Nc3 Qd6 5. Nf3 Bg4 6. Be2 e6 7. h3 Bh5 8. 0-0 Nc6 9. Nb5 Qd7 10. c4 a6 11. Nc3 Rd8 12. Be3 Bb4 13. Qb3 Bxc3 14. bxc3 b6 15. Rfd1 0-0 16. Bg5 Qe7 17. Rd2 Na5 18. Qa4 c5 19. Rb1 Rd6 20. Bf4 Ne4 21. Bxd6 Qxd6 22. Rc2 cxd4 23. cxd4 Bg6 24. Bd3 Nc5 25. dxc5 Qxd3 26. Rbc1 Qd8 27. Rd2 Qc7 28. cxb6 Qxb6 29. Ne5 Qc5 30. Nd7 Qg5 31. Nxf8 Qxd2 32. Rd1 Qg5 33. Qe8 f6 34. Nxg6# 1-0

[Event "Polanica Zdroj op-B 45th"]
[Site "Polanica Zdroj"]
[Date "2009.08.19"]
[Round "2"]
[White "Szczurek, Natalia"]
[Black "Wiewiora, Eneasz"]
[Result "1/2-1/2"]
[WhiteElo "1738"]
[BlackElo "2056"]
[PlyCount "65"]
[EventDate "2009.08.18"]
[EventType "swiss"]
[EventRounds "10"]
[EventCountry "POL"]
[SourceTitle "CBM 131 Extra"]
[Source "ChessBase"]
[SourceDate "2009.09.03"]
[SourceVersion "2"]
[SourceVersionDate "2009.09.16"]
[SourceQuality "1"]

1. e4 Nf6 2. e5 Nd5 3. c4 Nb6 4. d4 d6 5. exd6 cxd6 6. Nc3 g6 7. b3 Bg7 8. Bb2 0-0 9. Be2 Nc6 10. Nf3 Bf5 11. 0-0 d5 12. c5 Nc8 13. Bb5 Bg4 14. Bxc6 bxc6 15. Nb1 e6 16. h3 Bxf3 17. Qxf3 Ne7 18. Na3 Nf5 19. Nc2 Qg5 20. Rad1 h5 21. Rfe1 Nh4 22. Qg3 Qxg3 23. fxg3 Nf5 24. Kh2 e5 25. Ne3 Rfb8 26. Nxf5 gxf5 27. Bc3 Kh7 28. Rd3 Bf6 29. Rf3 Rg8 30. Kh1 Bd8 31. Bd2 Bf6 32. Bc3 Rg6 33. Kh2 1/2-1/2

[Event "POL-ch U18 Girls"]
[Site "Chotowa"]
[Date "2009.04.05"]
[Round "11"]
[White "Szczurek, Natalia"]
[Black "Kasperek, Joanna"]
[Result "1/2-1/2"]
[WhiteElo "1723"]
[BlackElo "2037"]
[PlyCount "81"]
[EventDate "2009.03.28"]
[EventType "swiss"]
[EventRounds "11"]
[EventCountry "POL"]
[SourceTitle "EXT 2018"]
[Source "ChessBase"]
[SourceDate "2017.10.13"]
[SourceVersion "1"]
[SourceVersionDate "2017.10.13"]
[SourceQuality "1"]

1. e4 c5 2. Nf3 e6 3. d4 cxd4 4. Nxd4 a6 5. c4 Nf6 6. Bd3 d6 7. 0-0 Be7 8. Nc3 Nc6 9. Be3 0-0 10. f4 Nxd4 11. Bxd4 b6 12. e5 dxe5 13. Bxe5 Bb7 14. Qc2 h6 15. Rad1 Qc8 16. Ne4 Nxe4 17. Bxe4 Bxe4 18. Qxe4 Rd8 19. b3 b5 20. Rc1 Qc5+ 21. Kh1 Rac8 22. Qb7 Qa3 23. Bc7 Re8 24. cxb5 axb5 25. Qxb5 Qxa2 26. f5 exf5 27. Rxf5 Bf6 28. Rcf1 Re2 29. Qb7 Rce8 30. Bg3 Qc2 31. Qd5 Rd8 32. Qf3 Rd3 33. Qa8+ Kh7 34. Qb7 Rxb3 35. Qd5 Rb2 36. Rxf6 Rxg2 37. R6f2 Rxf2 38. Bxf2 Qe2 39. Qf5+ Kg8 40. Re1 Qb5 41. Qc8+ 1/2-1/2

[Event "POL-ch U18 Girls"]
[Site "Chotowa"]
[Date "2009.04.01"]
[Round "7"]
[White "Szczurek, Natalia"]
[Black "Przybielska, Agnieszka"]
[Result "1-0"]
[WhiteElo "1723"]
[BlackElo "1575"]
[PlyCount "53"]
[EventDate "2009.03.28"]
[EventType "swiss"]
[EventRounds "11"]
[EventCountry "POL"]
[SourceTitle "EXT 2011"]
[Source "ChessBase"]
[SourceDate "2010.11.26"]
[SourceVersion "1"]
[SourceVersionDate "2010.11.26"]
[SourceQuality "1"]

1. e4 c6 2. Nc3 d5 3. Nf3 Bg4 4. h3 dxe4 5. Nxe4 Bf5 6. Ng3 Bg6 7. h4 h6 8. Ne5 Bh7 9. Qh5 g6 10. Qf3 Qd5 11. Qxd5 cxd5 12. Bb5+ Kd8 13. Nxf7+ Kc7 14. Nxh8 a6 15. Bd3 Nf6 16. Nxg6 Bxg6 17. Bxg6 Nbd7 18. d4 Bg7 19. Nf5 Bf8 20. Bxh6 Bxh6 21. Nxh6 Rh8 22. Nf7 Rg8 23. h5 Nf8 24. Ne5 Rh8 25. 0-0-0 b6 26. Rde1 b5 27. Nf7 1-0

[Event "POL-ch U18 Girls"]
[Site "Chotowa"]
[Date "2009.03.31"]
[Round "5"]
[White "Szczurek, Natalia"]
[Black "Jaworska, Aleksandra"]
[Result "1-0"]
[WhiteElo "1723"]
[BlackElo "1648"]
[PlyCount "73"]
[EventDate "2009.03.28"]
[EventType "swiss"]
[EventRounds "11"]
[EventCountry "POL"]
[SourceTitle "EXT 2011"]
[Source "ChessBase"]
[SourceDate "2010.11.26"]
[SourceVersion "1"]
[SourceVersionDate "2010.11.26"]
[SourceQuality "1"]

1. e4 e6 2. d4 d5 3. exd5 exd5 4. Bd3 Bd6 5. Qf3 Be6 6. Ne2 Nf6 7. h3 0-0 8. 0-0 h6 9. Bf4 c6 10. Nd2 Qc7 11. Rfe1 Re8 12. Nf1 Nbd7 13. Nfg3 Nf8 14. Bxh6 Bd7 15. Bg5 Be7 16. Nh5 Nxh5 17. Qxh5 Bxg5 18. Qxg5 Nh7 19. Bxh7+ Kxh7 20. Nf4 Qd8 21. Qh5+ Kg8 22. Nd3 Be6 23. Re3 Qf6 24. Ne5 g6 25. Qh6 Qg7 26. Qf4 Re7 27. h4 Bf5 28. h5 Rae8 29. Rae1 Bxc2 30. Ng4 Rxe3 31. Rxe3 Rxe3 32. Nf6+ Kf8 33. fxe3 Bf5 34. Qb8+ Ke7 35. Qe5+ Kd8 36. Qb8+ Ke7 37. Qe8+ 1-0

[Event "POL-ch U18 Girls"]
[Site "Chotowa"]
[Date "2009.03.30"]
[Round "4"]
[White "Stepien, Teresa"]
[Black "Szczurek, Natalia"]
[Result "1-0"]
[WhiteElo "1605"]
[BlackElo "1723"]
[PlyCount "119"]
[EventDate "2009.03.28"]
[EventType "swiss"]
[EventRounds "11"]
[EventCountry "POL"]
[SourceTitle "EXT 2011"]
[Source "ChessBase"]
[SourceDate "2010.11.26"]
[SourceVersion "1"]
[SourceVersionDate "2010.11.26"]
[SourceQuality "1"]

1. c4 e5 2. Nc3 Nf6 3. g3 c6 4. d4 exd4 5. Qxd4 d5 6. cxd5 cxd5 7. Bg2 Nc6 8. Qd1 d4 9. Ne4 Bf5 10. Nxf6+ Qxf6 11. a3 Rd8 12. Nf3 h6 13. 0-0 Be7 14. Qb3 Rd7 15. Nh4 Bh7 16. Bh3 Rc7 17. Bf4 Bd6 18. Bxd6 Qxd6 19. Rac1 0-0 20. Rfd1 Re8 21. e3 d3 22. Bf5 Ne5 23. Qa4 Rd8 24. Rxc7 Qxc7 25. Bxh7+ Kxh7 26. Qe4+ Kg8 27. Qa4 d2 28. Kg2 b5 29. Qxb5 Qc2 30. Qe2 Nc4 31. Nf3 Nxb2 32. Rxd2 Rxd2 33. Qxd2 Qxd2 34. Nxd2 Kf8 35. Kf3 Ke7 36. Ke4 Ke6 37. f4 Nd1 38. Nc4 f5+ 39. Kd4 Nf2 40. Ne5 Ne4 41. g4 Nd6 42. a4 fxg4 43. Nxg4 Nf5+ 44. Kd3 h5 45. Ne5 Nd6 46. e4 Nb7 47. Kd4 Kd6 48. f5 Nc5 49. Nc4+ Kc6 50. Nb2 Nb3+ 51. Ke5 Nd2 52. Kf4 Kd7 53. e5 Ke7 54. Nd3 Kf7 55. e6+ Kf6 56. Ne5 a6 57. Nd7+ Ke7 58. Nb8 a5 59. Nc6+ Ke8 60. Nxa5 1-0

[Event "POL-ch U18 Girls"]
[Site "Chotowa"]
[Date "2009.03.28"]
[Round "1"]
[White "Szczurek, Natalia"]
[Black "Kulon, Klaudia"]
[Result "0-1"]
[WhiteElo "1723"]
[BlackElo "2251"]
[PlyCount "68"]
[EventDate "2009.03.28"]
[EventType "swiss"]
[EventRounds "11"]
[EventCountry "POL"]
[SourceTitle "EXT 2011"]
[Source "ChessBase"]
[SourceDate "2010.11.26"]
[SourceVersion "1"]
[SourceVersionDate "2010.11.26"]
[SourceQuality "1"]

1. e4 e5 2. Nf3 Nc6 3. d4 exd4 4. Nxd4 Nf6 5. Nc3 Bb4 6. Nxc6 bxc6 7. Bd3 d5 8. exd5 cxd5 9. 0-0 0-0 10. Bg5 c6 11. Qf3 Be7 12. Rfe1 h6 13. Qe3 Bd6 14. Bf4 Bb4 15. Be5 Ng4 16. Qf4 Bc5 17. Re2 Nxe5 18. Qxe5 Bg4 19. Rd2 Bd6 20. Qd4 Qg5 21. Be2 Bh3 22. Bf3 Be5 23. Qd3 Bf5 24. Qe2 Rfe8 25. Qd1 Rab8 26. Ne2 Rxb2 27. Rc1 Rxa2 28. Kh1 Rb8 29. h3 Rb4 30. Qe1 Be4 31. Bxe4 Rxe4 32. Qd1 Rea4 33. Kg1 Bb2 34. Rb1 Ra1 0-1

[Event "POL-ch U16 Girls"]
[Site "Leba"]
[Date "2008.04.03"]
[Round "8"]
[White "Szczurek, Natalia"]
[Black "Piechota, Izabela"]
[Result "1/2-1/2"]
[WhiteElo "1704"]
[BlackElo "1765"]
[PlyCount "114"]
[EventDate "2008.03.29"]
[EventType "swiss"]
[EventRounds "11"]
[EventCountry "POL"]
[SourceTitle "CBM 123 Extra"]
[Source "ChessBase"]
[SourceDate "2008.05.06"]
[SourceVersion "1"]
[SourceVersionDate "2008.05.06"]
[SourceQuality "1"]

1. e4 e6 2. Nf3 d5 3. Nc3 Nf6 4. e5 Nfd7 5. d4 c5 6. dxc5 Bxc5 7. Bd3 Nc6 8. Bf4 a6 9. 0-0 h6 10. Bg3 g5 11. Re1 h5 12. h3 g4 13. hxg4 hxg4 14. Nh2 Qg5 15. Qxg4 Qxg4 16. Nxg4 Rg8 17. Be2 Nd4 18. Bd1 Rxg4 19. Bxg4 Nxc2 20. Rac1 Nxe1 21. Rxe1 b5 22. a3 Nb6 23. Rc1 Nc4 24. Ne2 Bb6 25. Rc2 Bb7 26. Bf3 Rb8 27. Nc1 Kd7 28. Bf4 Rg8 29. Nd3 a5 30. Bc1 Bd4 31. Re2 Rc8 32. Bf4 b4 33. axb4 axb4 34. Bh5 Ke7 35. Bg5+ Kf8 36. Kh2 Ra8 37. b3 Na5 38. Nxb4 Nxb3 39. f4 Ra1 40. Rc2 Bg1+ 41. Kh3 Bc5 42. Rc3 Bxb4 43. Rxb3 Ra3 44. Rxa3 Bxa3 45. Be2 Bc1 46. g4 d4 47. Bd3 Be3 48. Kg3 Bc6 49. Bf6 Ke8 50. f5 exf5 51. gxf5 Kd7 52. Kg4 Ba4 53. Bc4 Ke8 54. e6 fxe6 55. fxe6 Bc6 56. e7 Bh6 57. Bd3 Kf7 1/2-1/2

[Event "POL-ch U16 Girls"]
[Site "Leba"]
[Date "2008.04.02"]
[Round "7"]
[White "Skrzypczak, Anna"]
[Black "Szczurek, Natalia"]
[Result "1-0"]
[WhiteElo "2032"]
[BlackElo "1704"]
[PlyCount "77"]
[EventDate "2008.03.29"]
[EventType "swiss"]
[EventRounds "11"]
[EventCountry "POL"]
[SourceTitle "CBM 123 Extra"]
[Source "ChessBase"]
[SourceDate "2008.05.06"]
[SourceVersion "1"]
[SourceVersionDate "2008.05.06"]
[SourceQuality "1"]

1. e4 c5 2. Nf3 e6 3. d4 cxd4 4. Nxd4 Qb6 5. Nb3 Qc7 6. Bd3 a6 7. 0-0 b5 8. c3 Nf6 9. a4 b4 10. Qe2 Bb7 11. e5 Nd5 12. c4 Ne7 13. N1d2 d6 14. exd6 Qxd6 15. Ne4 Qc7 16. a5 Nec6 17. f4 Nd7 18. f5 e5 19. Bg5 Be7 20. Qd2 f6 21. Be3 g6 22. Ng3 0-0-0 23. Qf2 Nc5 24. Bxc5 Rxd3 25. Bxe7 Nxe7 26. Nc5 Rd6 27. Nxb7 Qxb7 28. Ra4 Rhd8 29. Qc5+ Qc6 30. Qxc6+ Nxc6 31. c5 Rd2 32. fxg6 Rxb2 33. gxh7 Nd4 34. Ne4 Ne2+ 35. Kh1 Nc3 36. Nd6+ Kc7 37. Nf7 Rdd2 38. Raa1 Rxg2 39. h8Q 1-0

[Event "Rewal op-B 12th"]
[Site "Rewal"]
[Date "2007.08.23"]
[Round "1"]
[White "Czernicki, Bogdan"]
[Black "Szczurek, Natalia"]
[Result "1-0"]
[WhiteElo "2094"]
[BlackElo "1757"]
[PlyCount "101"]
[EventDate "2007.08.23"]
[EventType "swiss"]
[EventRounds "9"]
[EventCountry "POL"]
[SourceTitle "CBM 120 Extra"]
[Source "ChessBase"]
[SourceDate "2007.11.01"]
[SourceVersion "1"]
[SourceVersionDate "2007.11.01"]
[SourceQuality "1"]

1. d4 d5 2. Nf3 Nf6 3. Bg5 Bf5 4. e3 e6 5. c3 c5 6. Bb5+ Nc6 7. Qa4 Qb6 8. Ne5 Rc8 9. Nd2 a6 10. Bxc6+ bxc6 11. 0-0 Qb5 12. Qb3 c4 13. Qxb5 cxb5 14. a3 Ne4 15. Nxe4 Bxe4 16. f3 Bc2 17. Rac1 Bb3 18. Bh4 f6 19. Ng4 h5 20. Nxf6+ gxf6 21. Bxf6 Rg8 22. e4 a5 23. Bh4 b4 24. axb4 axb4 25. exd5 exd5 26. Rfe1+ Kf7 27. Re5 bxc3 28. bxc3 Bh6 29. Ra1 Ra8 30. Re7+ Kg6 31. Rae1 Ra6 32. R1e5 Bd2 33. Rxd5 Bxc3 34. Rg5+ Kh6 35. Rxg8 Bxd4+ 36. Kf1 Ra1+ 37. Re1 Rxe1+ 38. Bxe1 c3 39. Rc8 c2 40. Bd2+ Kg6 41. Ke2 Bf6 42. Kd3 Bb2 43. Rb8 c1Q 44. Bxc1 Bxc1 45. Rxb3 Bf4 46. g3 Be5 47. Ke4 Bf6 48. Rb6 Kg7 49. Kf5 Be5 50. Rb7+ Kg8 51. Kg5 1-0

[Event "POL-chT2 U20 Girls"]
[Site "Lublin"]
[Date "2007.07.14"]
[Round "10"]
[White "Wyczawska, Agata"]
[Black "Szczurek, Natalia"]
[Result "1-0"]
[WhiteElo "1776"]
[BlackElo "1757"]
[PlyCount "71"]
[EventDate "2007.07.07"]
[EventType "team-tourn"]
[EventRounds "11"]
[EventCountry "POL"]
[SourceTitle "EXT 2010"]
[Source "ChessBase"]
[SourceDate "2010.11.25"]
[SourceVersion "1"]
[SourceVersionDate "2010.11.25"]
[SourceQuality "1"]

1. c4 e5 2. Nc3 Nf6 3. g3 d5 4. cxd5 Nxd5 5. Bg2 Be6 6. d3 Be7 7. Nf3 Nc6 8. 0-0 0-0 9. Bd2 f6 10. a3 Qe8 11. Ne1 Nb6 12. b4 a6 13. Rb1 Qd7 14. Nc2 Nd4 15. Nxd4 exd4 16. Ne4 Bd5 17. Qc2 Rab8 18. Bf4 f5 19. Nc5 Bxc5 20. Qxc5 Bxg2 21. Kxg2 Rbc8 22. Rbc1 Rfe8 23. Rc2 Kh8 24. Be5 Qa4 25. Bxd4 Qxa3 26. Rfc1 Qb3 27. Qxf5 Qd5+ 28. Qxd5 Nxd5 29. e4 Nxb4 30. Rxc7 Nc6 31. Bxg7+ Kg8 32. Rxb7 a5 33. Bf6 Re6 34. e5 Rf8 35. f4 Nb4 36. Rcc7 1-0